1196 1846 1838 1054 1600 1684 1458 1123 1477 1881 1425 1314 1006 1483 1331 1231 1480 1519 1685 1265 1206 1085 1719 1856 1511 1781 1014 1858 1213 1163 1279 1071 1472 1076 1164 1442 1291 1036 1737 1206 1629 1182 1083 1664 1380 1841 1221 1419 1503 1850 1838 1038 1819 1139 1967 1802 1333 1238 1024 1712 1728 1064 1465 1643 1979 1636 1785 1945 1750 1158 1429 1311 1945 1177 1451 1374 1443 1128 1923 1877 1265 1718 1187 1653 1747 1654 1772 1938 1515 1686 1004 1144 1499 1356 1045 1323 1745 1359 1703 BCNSPRNW ULIB Ver.6.0+V

เปลี่ยนเป็นภาษาไทย

Change to English
 แสดงรายละเอียดบรรณานุกรม
  กลับหน้าหลัก

Brief Record : Get Marc (ISO 2709) : E-mail record : QR code < ปิดหน้าต่าง
LEADER : 00000nam 2200000uu 4500
001    13399127110
003     ULIB
008    191010s2560||||th 000 0 tha d
020    ^a9786160438464
060    ^aWS103^bว663ร
100    ^aวิมล วงษ์วันทนีย์-พริตชาร์ด
245    ^aรู้จักใช้ รู้จักออม นิทานสร้างความรู้ (สองภาษ ษา ไทย-อังกฤษ)
250    ^aพิมพ์ครั้งที่ 1
260    ^aกรุงเทพฯ :^bนานมีบุ๊คส์คิดดี้,^c2560
300    ^a29 หน้า;^b21 ซม.
650    ^aเด็ก^xการเรียนการสอน
945    ^p115^l0^i006298
999    ^aประนอม เกษจรัล
รายการนี้ยังไม่มีแท็ก
คุณยังไม่ได้ล็อกอิน คุณสามารถมีกิจกรรมร่วมกับเว็บไซต์ได้ แต่ต้องล็อกอินก่อน ::
  ล็อกอิน

รายการสื่อสารสนเทศ

ลำดับที่ ประเภท เลขเรียก/บาร์โค้ด สถานที่ สถานะ
1. วิทยาศาสตร์การแพทย์ และสุขภาพ
วิทยาศาสตร์การแพทย์ และสุขภาพ
WS103 ว663ร ฉ.1 
  Barcode: 006298
ห้องสมุดวิทยาเขตสวรรค์ประชารักษ์
►หนังสือทั่วไป
บนชั้น

BibComment


ยังไม่เคยถูกคอมเมนท์

คอมเมนท์ทรัพยากรรายการนี้
  คอมเมนท์: รู้จักใช้ รู้จัก..


 Copyright 2026. Bcnsprnw @Library